000 00360nam a2200157Ia 4500
008 230605s2002 xx 000 0 und d
041 _aeng
100 _aAli
245 _aSuccess full managers hand book
260 _bDorling pub.
_c2002
_c2002
300 _a864
365 _b1255
_h20
500 _a265
520 _aReference Copy
650 _aG.SKILL
999 _c418024
_d418024